000 00342nam a2200133Ia 4500
005 20260328101458.0
008 260328s9999||||xx |||||||||||||| ||und||
100 _aMattelart, Armand
245 0 _aLa Industria Cultural /
_cArmand Mattelart
260 _bCirculo Rojo Editores
300 _a127 p.
650 _aDISEÑO INDUSTRIAL
942 _cBK
999 _c8899
_d8899